000 00882cam a2200277 i 4500
001 58156
003 BD-RjUL
005 20211209080606.0
008 161217s1975 mau b 000 0 eng
020 _a0395198240
035 _a(BD-RjUL) 58280
040 _aDLC
_cDLC
_dDLC
_beng
041 _aeng
082 0 0 _a330
_223
_bECO 1975
245 0 0 _aEconomic issues and policies :
_breadings in introductory economics /
_cedited by John E. Elliott, Arthur Grey.
250 _a3d ed.
260 _aBoston :
_bHoughton Mifflin,
_c[1975]
300 _axvi, 530 p. ;
_c24 cm.
500 _aFirst-2d ed. by A. L. Grey and J. E. Elliott.
504 _aIncludes bibliographical references.
650 0 _aEconomics.
_9170576
700 1 _aGrey, Arthur L.
_tEconomic issues and policies.
_9172744
700 1 _aElliott, John E.
_9172745
942 _2ddc
_cBK
999 _c58156
_d58156